| 000 | 00000nam##2200000za#4500 |
| 001 | 9.616087 |
| 003 | CaOODSP |
| 005 | 20211126112847 |
| 007 | ta |
| 008 | 150406|2002||||xxc||||| f|0| 0 eng|d |
| 022 | |a1192-5434 |
| 040 | |aCaOODSP|beng |
| 043 | |an-cn--- |
| 086 | 1 |aFB3-2/102-24E |
| 110 | 2 |aBank of Canada. |
| 245 | 10|aFinancial structure and economic growth : |ba non-technical survey / |cby Veronika Dolar and Césaire Meh. |
| 260 | |aOttawa - Ontario : |bBank of Canada |c2002. |
| 300 | |av, 34p. : |bgraphs, references, tables ; |c28 cm. |
| 490 | 1 |aWorking paper|x1192-5434|v2002-24 |
| 500 | |a"There is a large body of literature that studies the relationship between financial structure... and long-run economic growth. This paper gives a non-technical survey of that literature designed for a general audience."--Abstract. |
| 546 | |aRésumés en français. |
| 563 | |aSoftcover |
| 590 | |a02-38|b2002-09-20 |
| 690 | 07|aEconomic development|2gcpds |
| 690 | 07|aEconomic indicators|2gcpds |
| 690 | 07|aFinancial services|2gcpds |
| 720 | 1 |aDolar, Veronika |
| 720 | 1 |aDib, Ali |
| 776 | 0#|tFinancial structure and economic growth : |w(CaOODSP)9.571605 |
| 830 | #0|aWorking paper,|x1192-5434|v2002-24|w(CaOODSP)9.514622 |